|
|
|
|
| LEADER |
01532nam a2200409 a 4500 |
| 001 |
000481939 |
| 003 |
CZ BrMZK |
| 005 |
20090623093123.0 |
| 007 |
ta |
| 008 |
010907s2000 xr e l cze d |
| 015 |
|
|
|a cnb000926893
|
| 020 |
|
|
|a 80-7179-336-1
|
| 035 |
|
|
|a (OCoLC)45022683
|
| 040 |
|
|
|a BOA001
|b cze
|
| 043 |
|
|
|a e-xr---
|
| 072 |
|
7 |
|a 347
|x Soukromé právo
|2 Konspekt
|9 16
|
| 080 |
|
|
|a 347.214.2
|2 MRF
|
| 080 |
|
|
|a 347.235
|2 MRF
|
| 080 |
|
|
|a (437.3)
|2 MRF
|
| 080 |
|
|
|a (094.5)
|2 MRF
|
| 080 |
|
|
|a (0.072)
|2 MRF
|
| 100 |
1 |
|
|a Barešová, Eva
|7 mzk2003171515
|4 aut
|
| 245 |
1 |
0 |
|a Zákon o zápisech vlastnických a jiných věcných práv k nemovitostem :
|b právní předpisy, komentář, judikatura /
|c Eva Barešová, Petr Baudyš
|
| 250 |
|
|
|a 2. dopl. a přeprac. vyd.
|
| 260 |
|
|
|a Praha :
|b C.H. Beck,
|c 2000
|
| 300 |
|
|
|a xxxiv, 798 s. :
|b il. ;
|c 20 cm
|
| 490 |
1 |
|
|a Beckovy texty zákonů s komentářem
|
| 650 |
0 |
7 |
|a věcná práva k nemovitostem
|7 ph118058
|z Česko
|2 czenas
|
| 650 |
0 |
7 |
|a katastr nemovitostí
|7 ph121515
|z Česko
|2 czenas
|
| 655 |
|
7 |
|a zákony
|7 fd133886
|2 czenas
|
| 655 |
|
7 |
|a komentáře
|7 fd132578
|2 czenas
|
| 700 |
1 |
|
|a Baudyš, Petr,
|d 1951-
|7 mzk2003173781
|4 aut
|
| 830 |
|
0 |
|a Beckovy texty zákonů s komentářem
|0 s
|
| 910 |
|
|
|a BOA001
|b 2-1074.004
|
| 990 |
|
|
|a BK
|
| 996 |
6 |
|
|b 2610116814
|c 2-1074.004
|l MZK
|r Sklad / do 1 hodiny
|n 0
|p p.v.
|w 000481939
|u 000010
|a 1
|e BOA001
|j MZK50
|s P
|
| 996 |
7 |
|
|b 2610116815
|c 2-1074.004
|l MZK
|r Sklad / do 1 hodiny
|n 31
|p kup
|w 000481939
|u 000020
|a 1
|e BOA001
|j MZK50
|s A
|